[Event "Leon ESP"]
[Site "?"]
[Date "2006.06.09"]
[Round "1.5"]
[White "Bruzon Bautista Lazaro"]
[Black "Anand Viswanathan"]
[Result "1-0"]
[WhiteElo "2652"]
[BlackElo "2803"]
[PlyCount "56"]
[EventDate "2006.??.??"]
[Source "www.chesslib.no"]
[SourceDate "2004.05.04"]

1. d4 Nf6 2. Nf3 e6 3. e3 d5 4. Bd3 c5 5. b3 Bd6 6. O-O O-O 7. Bb2 Nc6 8. Nbd2 cxd4 9. exd4 b6 10. a3 Bb7 11. Ne5 Qc7 12. Qe2 Ne7 13. f4 b5 14. Rf3 Rac8 15. Rc1 b4 16. a4 Ng6 17. Rcf1 Ne4 18. Rh3 f5 19. Bxe4 dxe4 20. Qh5 Bxe5 21. fxe5 Qxc2 22. Qxh7+ Kf7 23. Rg3 Qxd2 24. Rxg6 Rg8 25. Rxe6 Kxe6 26. Qxf5+ Ke7 27. Qf7+ Kd8 28. e6 e3 1-0

[Event "Dortmund"]
[Site "Dortmund"]
[Date "1997.??.??"]
[Round "1"]
[White "Jussupow, Artur"]
[Black "Short, Nigel D"]
[Result "1/2-1/2"]
[WhiteElo "2640"]
[BlackElo "2660"]
[PlyCount "43"]
[EventDate "1997.07.04"]
[Source "ChessBase"]
[SourceDate "1997.10.13"]

1. d4 Nf6 2. Nf3 e6 3. e3 c5 4. Bd3 d5 5. b3 Qa5+ 6. c3 cxd4 7. exd4 Nc6 8. O-O Be7 9. Ne5 Nxe5 10. dxe5 Nd7 11. Qg4 g6 12. Re1 h5 13. Qe2 Kf8 14. Be3 Nxe5 15. Bd4 Nxd3 16. Qxd3 Rg8 17. Nd2 Bd7 18. Qe3 f6 19. Qh6+ Rg7 20. Qh8+ Rg8 21. Qh6+ Rg7 22. Qh8+ 1/2-1/2

[Event "Poikovsky Karpov 3rd"]
[Site "Poikovsky"]
[Date "2002.04.18"]
[Round "3"]
[White "Vaganian, Rafael A"]
[Black "Vescovi, Giovanni P"]
[Result "1/2-1/2"]
[WhiteElo "2664"]
[BlackElo "2611"]
[PlyCount "88"]
[EventDate "2002.04.16"]
[Source "ChessBase"]
[SourceDate "2002.08.12"]

1. Nf3 Nf6 2. d4 e6 3. e3 c5 4. Bd3 d5 5. O-O Nbd7 6. b3 g6 7. Bb2 Bg7 8. Nbd2 O-O 9. Ne5 b6 10. f4 Bb7 11. Qf3 Qc7 12. Qh3 Ne4 13. Ndf3 Rae8 14. Rad1 f5 15. Bxe4 Nxe5 16. Bxd5 Nxf3+ 17. Bxf3 Bxf3 18. gxf3 cxd4 19. Bxd4 Bxd4 20. Rxd4 e5 21. Rc4 Qd6 22. Qg3 b5 23. fxe5 Rxe5 24. Rd4 Qe7 25. Rfd1 Rxe3 26. Rd7 Qc5 27. Kh1 Rfe8 28. Rc7 Qb6 29. Rcd7 Qc6 30. Kg2 Qxc2+ 31. R1d2 Re2+ 32. Rxe2 Qxe2+ 33. Qf2 Re7 34. Rd5 a6 35. Rd6 Re6 36. Rd7 Re7 37. Rd6 b4 38. Kg1 Re6 39. Qxe2 Rxe2 40. Rxa6 Kg7 41. Ra4 Kh6 42. Rxb4 Rxa2 43. Rc4 Kh5 44. h4 h6 1/2-1/2

[Event "Dortmund"]
[Site "?"]
[Date "1996.??.??"]
[Round "?"]
[White "Lobron, E."]
[Black "Adams, Mi"]
[Result "1/2-1/2"]
[WhiteElo "2585"]
[BlackElo "2660"]
[PlyCount "73"]
[EventDate "1996.??.??"]
[Source "ChessBase"]
[SourceDate "1996.06.01"]

1. d4 Nf6 2. Nf3 e6 3. e3 c5 4. Bd3 d5 5. b3 cxd4 6. exd4 Bb4+ 7. c3 Be7 8. O-O O-O 9. Nbd2 b6 10. Qe2 a5 11. a4 Ba6 12. Bb5 Bb7 13. Bb2 Nc6 14. Rfe1 Rc8 15. Rad1 Qc7 16. Bd3 Rfe8 17. Bb1 g6 18. Ne5 Bf8 19. f4 Bg7 20. Qf2 Ne7 21. g4 Nc6 22. Qh4 Nd7 23. Re3 Qd8 24. g5 h5 25. Nxg6 fxg6 26. Bxg6 Ne7 27. Bxe8 Qxe8 28. Rxe6 Nf8 29. Rxb6 Rc7 30. Nf3 Neg6 31. Qg3 Qe3+ 32. Qf2 Qxf4 33. Rf1 Bc8 34. Qg3 Qe3+ 35. Qf2 Qf4 36. Qg3 Qe3+ 37. Qf2 1/2-1/2

[Event "Bundesliga 9899"]
[Site "Germany"]
[Date "1999.04.17"]
[Round "14.1"]
[White "Jussupow, Artur"]
[Black "Epishin, Vladimir"]
[Result "1/2-1/2"]
[WhiteElo "2641"]
[BlackElo "2578"]
[PlyCount "31"]
[EventDate "1998.10.17"]
[Source "ChessBase"]
[SourceDate "1999.07.01"]

1. d4 Nf6 2. Nf3 e6 3. e3 b6 4. Bd3 Bb7 5. O-O d5 6. Ne5 g6 7. b3 Bg7 8. Nd2 c5 9. Bb2 Nfd7 10. f4 O-O 11. Qe2 Nc6 12. a3 a5 13. Bb5 Rc8 14. Rac1 Rc7 15. Ndf3 Ndxe5 16. Nxe5 1/2-1/2

[Event "Borowski"]
[Site "?"]
[Date "2000.09.02"]
[Round "8"]
[White "Jussupow Artur M"]
[Black "Dautov Rustem"]
[Result "1-0"]
[WhiteElo "2610"]
[BlackElo "2606"]
[PlyCount "63"]
[EventDate "2000.??.??"]
[Source "www.chesslib.no"]
[SourceDate "2004.05.04"]

1. d4 Nf6 2. Nf3 e6 3. e3 b6 4. Bd3 Bb7 5. O-O d5 6. Ne5 Bd6 7. Nd2 Nbd7 8. f4 c5 9. b3 O-O 10. Bb2 cxd4 11. exd4 Ne4 12. Nxe4 dxe4 13. Bc4 a6 14. a4 Bd5 15. Qe2 a5 16. Bb5 Nxe5 17. fxe5 Bb4 18. c4 Bb7 19. Rad1 Qg5 20. d5 Bc5+ 21. Kh1 e3 22. Rf3 Qh4 23. Rg3 Rad8 24. d6 Kh8 25. Rf1 f5 26. exf6 gxf6 27. Rxf6 Rxf6 28. Qg4 Qh6 29. Qxe6 Rdf8 30. d7 e2 31. Bxf6+ Qxf6 32. Rg8+ 1-0

[Event "Bundesliga 0001"]
[Site "Germany"]
[Date "2001.02.17"]
[Round "8.2"]
[White "Jussupow, Artur"]
[Black "Dorfman, Josif D"]
[Result "1/2-1/2"]
[WhiteElo "2610"]
[BlackElo "2600"]
[PlyCount "60"]
[EventDate "2000.10.14"]
[Source "ChessBase"]
[SourceDate "2001.07.03"]

1. d4 Nf6 2. Nf3 e6 3. e3 c5 4. Bd3 d5 5. b3 Nc6 6. O-O Be7 7. Bb2 O-O 8. Nbd2 Nb4 9. Be2 b6 10. Ne5 Bb7 11. f4 Ne4 12. Nxe4 dxe4 13. Qd2 f6 14. Ng4 Qc8 15. a3 Nc6 16. dxc5 Bxc5 17. b4 Be7 18. Rad1 Rf7 19. Qc3 Bf8 20. Qb3 Ne7 21. Rd2 Bd5 22. c4 Bc6 23. Rfd1 Qe8 24. b5 Bb7 25. Nf2 Nf5 26. Bg4 Bc5 27. Bxf5 exf5 28. Bd4 Bf8 29. Rc1 Bc8 30. c5 Be6 1/2-1/2

[Event "Bundesliga 9697"]
[Site "Germany"]
[Date "1996.??.??"]
[Round "?.1"]
[White "Conquest, Stuart"]
[Black "Hracek, Zbynek"]
[Result "1-0"]
[WhiteElo "2585"]
[BlackElo "2625"]
[PlyCount "61"]
[EventDate "1996.10.??"]
[Source "ChessBase"]
[SourceDate "1999.07.01"]

1. d4 Nf6 2. Nf3 e6 3. e3 c5 4. Bd3 Nc6 5. O-O d5 6. b3 Bd6 7. Bb2 Qe7 8. c4 O-O 9. Nc3 cxd4 10. exd4 dxc4 11. bxc4 Ba3 12. Rb1 Bxb2 13. Rxb2 Rd8 14. Re1 b6 15. d5 Na5 16. Qb1 Qd6 17. Ng5 g6 18. dxe6 Qxd3 19. e7 Rd7 20. Nd5 Rxd5 21. e8=Q+ Nxe8 22. Rxe8+ Kg7 23. cxd5 Qxd5 24. Rb5 Qd6 25. Qa1+ f6 26. Ne4 Qc6 27. Nxf6 Kf7 28. Rg5 h6 29. Rh8 hxg5 30. Rh7+ Ke6 31. Qe1+ 1-0

[Event "It (Men) Sarajevo BIH"]
[Site "?"]
[Date "2005.05.25"]
[Round "6"]
[White "Dizdarevic Emir"]
[Black "Volokitin Andrei"]
[Result "1/2-1/2"]
[WhiteElo "2521"]
[BlackElo "2679"]
[PlyCount "58"]
[EventDate "2005.??.??"]
[Source "www.chesslib.no"]
[SourceDate "2004.05.04"]

1. d4 Nf6 2. Nf3 e6 3. e3 c5 4. Bd3 Nc6 5. O-O d5 6. b3 Qc7 7. Bb2 cxd4 8. Nxd4 Nxd4 9. Bxd4 Bd6 10. f4 e5 11. fxe5 Bxe5 12. Bb5+ Ke7 13. Bxe5 Qxe5 14. Qd4 Ng4 15. Qxe5+ Nxe5 16. Nd2 Be6 17. Nf3 Nxf3+ 18. Rxf3 f5 19. Bd3 g6 20. Kf2 Kd6 21. Ke2 Rhe8 22. Kd2 Re7 23. Raf1 Rae8 24. Rg3 Ke5 25. Rf4 Kf6 26. Rgf3 Bd7 27. g4 Re5 28. h4 h6 29. Rg3 Rf8 1/2-1/2

[Event "Chess Classics Masters"]
[Site "Frankfurt"]
[Date "1998.06.17"]
[Round "5"]
[White "Jussupow, Artur"]
[Black "Huebner, Robert"]
[Result "0-1"]
[WhiteElo "2630"]
[BlackElo "2560"]
[PlyCount "56"]
[EventDate "1998.06.17"]
[Source "ChessBase"]
[SourceDate "1998.09.09"]

1. d4 Nf6 2. Nf3 e6 3. e3 c5 4. Bd3 Nc6 5. O-O d5 6. b3 Bd6 7. Bb2 O-O 8. a3 Re8 9. Ne5 Qc7 10. f4 Qb6 11. Nc3 cxd4 12. Na4 Qd8 13. exd4 Ne4 14. Qe2 f5 15. Kh1 Nxe5 16. dxe5 Bf8 17. c4 Bd7 18. cxd5 Bxa4 19. bxa4 Qxd5 20. Rad1 Rad8 21. Bc2 Qc6 22. Bb3 Rxd1 23. Qxd1 Bc5 24. Qc2 Qb6 25. g4 Qc6 26. Qg2 Nd2 27. Rc1 Nxb3 28. Rc3 Qd7 0-1

[Event "Deutschland 71/411"]
[Site "?"]
[Date "1997.??.??"]
[Round "?"]
[White "Jussupow, Artur"]
[Black "Schlosser, Philipp"]
[Result "1-0"]
[WhiteElo "2640"]
[BlackElo "2550"]
[PlyCount "55"]
[EventDate "1997.??.??"]
[Source "ChessBase"]
[SourceDate "1997.10.01"]

1. d4 Nf6 2. Nf3 e6 3. e3 c5 4. Bd3 Nc6 5. O-O d5 6. b3 Bd6 7. Bb2 O-O 8. c4 Qe7 9. Nc3 cxd4 10. exd4 Ba3 11. Qc1 Bxb2 12. Qxb2 dxc4 13. bxc4 Rd8 14. Rad1 b6 15. d5 Na5 16. Rfe1 Qc5 17. Ne4 Nxe4 18. Bxe4 Bb7 19. Ng5 h6 20. Bh7+ Kh8 21. Nxf7+ Kxh7 22. Qc2+ Kg8 23. Nxh6+ gxh6 24. Qg6+ Kf8 25. Qxh6+ Kg8 26. Qg6+ Kf8 27. Qf6+ Kg8 28. Re5 1-0

[Event "Bundesliga 2007-8"]
[Site "Hamburg GER"]
[Date "2008.03.08"]
[Round "10"]
[White "Jussupow, Ar"]
[Black "Kempinski, R."]
[Result "1/2-1/2"]
[WhiteElo "2585"]
[BlackElo "2590"]
[PlyCount "34"]
[EventDate "2008.02.09"]
[Source "www.chesslib.no"]
[SourceDate "2004.05.04"]

1. d4 Nf6 2. Nf3 e6 3. e3 d5 4. Bd3 c5 5. b3 Nbd7 6. Bb2 b6 7. Nbd2 Be7 8. O-O O-O 9. Ne5 Bb7 10. Qf3 cxd4 11. exd4 Nxe5 12. dxe5 Nd7 13. Qh3 h6 14. Rad1 Nc5 15. Be2 Qc7 16. Bd4 Rfd8 17. c3 Ne4 1/2-1/2

[Event "Aeroflot Open"]
[Site "Moscow"]
[Date "2004.02.22"]
[Round "6"]
[White "Vaganian, Rafael A"]
[Black "Korobov, Anton"]
[Result "1/2-1/2"]
[WhiteElo "2623"]
[BlackElo "2552"]
[PlyCount "46"]
[EventDate "2004.02.17"]
[Source "Roberto Alvarez"]
[SourceDate "2004.03.01"]

1. d4 Nf6 2. Nf3 e6 3. e3 b6 4. Bd3 Bb7 5. O-O d5 6. b3 Be7 7. Bb2 O-O 8. c4 Nbd7 9. Nc3 Ne4 10. cxd5 exd5 11. Qe2 a6 12. Rac1 Bd6 13. Rc2 Re8 14. Rfc1 Ndf6 15. Na4 Ng4 16. Bxe4 Rxe4 17. h3 Nh6 18. Ne5 f6 19. Nc3 Rxe5 20. dxe5 fxe5 21. Rd1 c6 22. Qh5 Qe7 23. a3 Rf8 1/2-1/2

[Event "Frankfurt Ordix op"]
[Site "Frankfurt"]
[Date "1998.06.20"]
[Round "4"]
[White "Lobron, Eric"]
[Black "Kortschnoj, Viktor"]
[Result "1-0"]
[WhiteElo "2540"]
[BlackElo "2625"]
[PlyCount "55"]
[EventDate "1998.06.20"]
[Source "ChessBase"]
[SourceDate "1998.09.09"]

1. d4 Nf6 2. Nf3 e6 3. e3 b6 4. Bd3 Bb7 5. O-O d5 6. b3 Nbd7 7. Bb2 g6 8. Nbd2 Bg7 9. Qe2 O-O 10. Rad1 c5 11. Ne5 Qc7 12. f4 a6 13. a4 b5 14. axb5 axb5 15. dxc5 b4 16. Nxd7 Nxd7 17. Bxg7 Kxg7 18. Nf3 Nxc5 19. Qe1 Qb6 20. Nd4 f6 21. Qh4 Rae8 22. Rf3 Ne4 23. Rh3 h5 24. Bxe4 dxe4 25. Rg3 Kh6 26. Nf5+ exf5 27. Rd7 Rg8 28. Qg5+ 1-0

[Event "Niksic"]
[Site "Niksic"]
[Date "1983.??.??"]
[Round "14"]
[White "Petrosian, Tigran V"]
[Black "Miles, Anthony J"]
[Result "1/2-1/2"]
[WhiteElo "2580"]
[BlackElo "2585"]
[PlyCount "32"]
[EventDate "1983.08.??"]
[Source "ChessBase"]

1. d4 Nf6 2. Nf3 e6 3. e3 b6 4. Bd3 Bb7 5. O-O d5 6. b3 Nbd7 7. Bb2 Ne4 8. Ne5 Bd6 9. f4 O-O 10. Bxe4 dxe4 11. Nd2 a5 12. a4 f6 13. Nec4 Bb4 14. Rf2 Bd5 15. Qe2 Qc8 16. Nf1 Qa6 1/2-1/2

[Event "Munich"]
[Site "Munich"]
[Date "1991.??.??"]
[Round "2"]
[White "Hort, Vlastimil"]
[Black "Huebner, Robert"]
[Result "1/2-1/2"]
[WhiteElo "2540"]
[BlackElo "2620"]
[PlyCount "36"]
[EventDate "1991.05.??"]
[Source "ChessBase"]

1. d4 Nf6 2. Nf3 d5 3. e3 e6 4. b3 Bd6 5. c4 c5 6. dxc5 Bxc5 7. Bb2 O-O 8. a3 b6 9. Nbd2 Bb7 10. Bd3 Nbd7 11. b4 Be7 12. O-O a5 13. bxa5 Nc5 14. Be2 bxa5 15. Nd4 Nfe4 16. cxd5 Bxd5 17. Nxe4 Nxe4 18. Nb5 Rc8 1/2-1/2

[Event "Oberwart Open"]
[Site "Oberwart AUT"]
[Date "1991.??.??"]
[Round "?"]
[White "Kurajica, Bojan"]
[Black "Razuvaev, Yuri S"]
[Result "1/2-1/2"]
[WhiteElo "2570"]
[BlackElo "2585"]
[PlyCount "44"]
[EventDate "1991.07.??"]
[Source "www.chesslib.no"]
[SourceDate "2004.05.04"]

1. d4 Nf6 2. Nf3 e6 3. e3 d5 4. Bd3 c5 5. b3 Nc6 6. O-O Bd6 7. Bb2 O-O 8. a3 Qc7 9. c4 cxd4 10. exd4 e5 11. dxe5 Nxe5 12. Nxe5 Bxe5 13. Bxe5 Qxe5 14. Nd2 Bg4 15. Re1 Qc7 16. Qc2 dxc4 17. Qxc4 Qxc4 18. Bxc4 Rfe8 19. h3 Bd7 20. Nf3 Rxe1+ 21. Rxe1 Kf8 22. Ne5 Be8 1/2-1/2

[Event "Corus-B"]
[Site "Wijk aan Zee"]
[Date "2002.01.19"]
[Round "4"]
[White "Krasenkow, Michal"]
[Black "Yu Shaoteng"]
[Result "1/2-1/2"]
[WhiteElo "2632"]
[BlackElo "2522"]
[PlyCount "40"]
[EventDate "2002.01.15"]
[Source "ChessBase"]
[SourceDate "2002.03.21"]

1. d4 e6 2. Nf3 Nf6 3. e3 b6 4. Bd3 Bb7 5. O-O d5 6. b3 Bd6 7. Ne5 O-O 8. Bb2 c5 9. Nd2 Nc6 10. a3 Rc8 11. f4 Ne7 12. Qf3 b5 13. dxc5 Bxc5 14. Rae1 Nf5 15. Qh3 Ne4 16. Nxe4 dxe4 17. Bxb5 Bxe3+ 18. Rxe3 Qb6 19. Ng4 Nxe3 20. Qxe3 Qxb5 1/2-1/2

[Event "YUG team ch."]
[Site "?"]
[Date "2002.??.??"]
[Round "?"]
[White "Kosic Dragan"]
[Black "Baklan Vladimir"]
[Result "0-1"]
[WhiteElo "2540"]
[BlackElo "2610"]
[PlyCount "112"]
[EventDate "2002.??.??"]
[Source "www.chesslib.no"]
[SourceDate "2004.05.04"]

1. d4 e6 2. Nf3 c5 3. e3 Nf6 4. Bd3 d5 5. b3 Nbd7 6. O-O g6 7. Bb2 Bg7 8. c4 O-O 9. Nbd2 b6 10. cxd5 Nxd5 11. Nc4 Rb8 12. a3 Bb7 13. Qd2 Qe7 14. Nce5 cxd4 15. Bxd4 Nxe5 16. Bxe5 Rbc8 17. Bxg7 Kxg7 18. Qb2+ Qf6 19. Qxf6+ Kxf6 20. Rfc1 Nc3 21. Nd4 e5 22. Nb5 Rfd8 23. Bf1 Nxb5 24. Bxb5 Rd2 25. Rxc8 Bxc8 26. b4 Be6 27. Kf1 Rb2 28. Be2 a5 29. bxa5 bxa5 30. a4 Bd5 31. Bb5 Rc2 32. f3 e4 33. f4 Ke6 34. Rb1 Ba2 35. Ra1 Bc4+ 36. Bxc4+ Rxc4 37. Ra2 h5 38. Kf2 f6 39. h3 h4 40. g3 hxg3+ 41. Kxg3 Kf7 42. Ra3 Kg7 43. Kg4 f5+ 44. Kg3 Kh6 45. Ra2 Rc1 46. Kg2 Kh5 47. Kg3 Rf1 48. Ra3 Rf3+ 49. Kg2 Kh4 50. Rc3 Rxh3 51. Rc6 Rxe3 52. Rxg6 Rf3 53. Ra6 Rxf4 54. Rxa5 e3 55. Ra8 Rf2+ 56. Kg1 Ra2 0-1

[Event "Solin 7th"]
[Site "Solin"]
[Date "1999.12.15"]
[Round "4"]
[White "Kurajica, Bojan"]
[Black "Morovic Fernandez, Ivan"]
[Result "1/2-1/2"]
[WhiteElo "2541"]
[BlackElo "2608"]
[PlyCount "56"]
[EventDate "1999.12.10"]
[Source "ChessBase"]
[SourceDate "2000.04.05"]

1. d4 Nf6 2. Nf3 e6 3. e3 d5 4. Bd3 c5 5. O-O Nc6 6. b3 Bd6 7. Bb2 O-O 8. Nbd2 Qe7 9. c4 cxd4 10. exd4 Ba3 11. Qc1 Bxb2 12. Qxb2 b6 13. Rac1 Bb7 14. c5 a5 15. a3 Ba6 16. Bxa6 Rxa6 17. b4 axb4 18. axb4 bxc5 19. dxc5 Rb8 20. Qc3 h6 21. Rb1 Rc8 22. h3 Qa7 23. Rb2 Ra4 24. Rfb1 Ne4 25. Qe3 Nxd2 26. Qxd2 Ra1 27. Rxa1 Qxa1+ 28. Kh2 Qa7 1/2-1/2

[Event "CRO-chT"]
[Site "Medulin"]
[Date "1997.??.??"]
[Round "?"]
[White "Kurajica, Bojan"]
[Black "Palac, Mladen"]
[Result "1-0"]
[WhiteElo "2545"]
[BlackElo "2595"]
[PlyCount "78"]
[EventDate "1997.??.??"]
[Source "www.chesslib.no"]
[SourceDate "2004.05.04"]

1. Nf3 c5 2. e3 Nf6 3. d4 e6 4. Bd3 d5 5. O-O c4 6. Be2 Nbd7 7. b3 b5 8. a4 cxb3 9. axb5 bxc2 10. Qxc2 Bb7 11. Nbd2 Bd6 12. Ba3 Bxa3 13. Rxa3 O-O 14. Rfa1 Qb6 15. Qa2 Rfc8 16. Bf1 Qc7 17. Nb3 Ne4 18. Na5 Rcb8 19. Qb2 Rc8 20. b6 axb6 21. Nxb7 Qxb7 22. Ba6 Rxa6 23. Rxa6 Nd6 24. Qa3 Nb5 25. Qa4 Qc6 26. Ra8 Nb8 27. h3 f6 28. Rxb8 Rxb8 29. Rb1 Nxd4 30. Qxd4 b5 31. Qa7 Rb7 32. Nd4 Qd7 33. Qa6 e5 34. Rxb5 Ra7 35. Qe6+ Qxe6 36. Nxe6 Rd7 37. Nc5 Rc7 38. Kf1 Kf7 39. Ke2 Ke7 1-0

[Event "EU-ch 2nd"]
[Site "Ohrid"]
[Date "2001.06.13"]
[Round "12"]
[White "Kozul, Zdenko"]
[Black "Jobava, Baadur"]
[Result "1/2-1/2"]
[WhiteElo "2595"]
[BlackElo "2543"]
[PlyCount "113"]
[EventDate "2001.06.01"]
[Source "ChessBase"]
[SourceDate "2001.09.13"]

1. d4 Nf6 2. Nf3 e6 3. e3 b6 4. Bd3 Bb7 5. O-O d5 6. Ne5 Bd6 7. Nd2 O-O 8. f4 Nbd7 9. Qf3 c5 10. c3 Re8 11. g4 Nf8 12. g5 N6d7 13. Qh5 Qe7 14. Rf2 f5 15. gxf6 Nxf6 16. Qh3 Ne4 17. Rg2 Bxe5 18. fxe5 Qf7 19. Be2 Ng6 20. Nxe4 dxe4 21. Bd2 Rf8 22. Kh1 Rac8 23. Rag1 cxd4 24. cxd4 Rc2 25. Bb4 Rfc8 26. Bc3 Bd5 27. a3 a5 28. Qg3 Qe7 29. Qe1 Rc7 30. Rg4 Qf8 31. Rf1 Rf7 32. Rxf7 Qxf7 33. Kg1 Ne7 34. Qd1 Bb3 35. Qf1 Nd5 36. Rxe4 Qg6+ 37. Rg4 Nxe3 38. Rxg6 Nxf1 39. Bd1 hxg6 40. Bxc2 Bxc2 41. Kxf1 Kf7 42. Bd2 a4 43. Ke2 b5 44. h4 Bb3 45. Kd3 Bc4+ 46. Kc3 Ke7 47. Kb4 Kd7 48. Kc5 Bd3 49. Bb4 Bc4 50. Kb6 g5 51. hxg5 g6 52. Kc5 Bd3 53. Bc3 Bc4 54. Ba5 Bd3 55. Bc3 Bc4 56. b4 Bd3 57. Bd2 1/2-1/2

[Event "Camp. olandese"]
[Site "Hilversum OLA"]
[Date "2008.04.11"]
[Round "9"]
[White "Janssen, Ru"]
[Black "Tiviakov, S."]
[Result "0-1"]
[WhiteElo "2504"]
[BlackElo "2634"]
[PlyCount "48"]
[EventDate "2008.04.02"]
[Source "www.chesslib.no"]
[SourceDate "2004.05.04"]

1. d4 Nf6 2. Nf3 e6 3. e3 b6 4. Bd3 Bb7 5. O-O d5 6. Ne5 Bd6 7. f4 O-O 8. b3 Ne4 9. Nd2 f6 10. Bxe4 dxe4 11. Nec4 Be7 12. a4 Nd7 13. Ba3 c5 14. c3 Rc8 15. Qb1 f5 16. b4 cxd4 17. cxd4 Bd5 18. Rc1 g5 19. fxg5 Bxg5 20. b5 Rf7 21. Bd6 Nf6 22. Bg3 Ng4 23. Ra3 Qf8 24. h4 Bxc4 0-1

[Event "Zagreb zt"]
[Site "Zagreb"]
[Date "1993.??.??"]
[Round "6"]
[White "Cvitan, Ognjen"]
[Black "Gofshtein, Leonid D"]
[Result "1/2-1/2"]
[WhiteElo "2575"]
[BlackElo "2560"]
[PlyCount "37"]
[EventDate "1993.03.??"]
[Source "ChessBase"]

1. d4 e6 2. Nf3 c5 3. e3 Nf6 4. Bd3 d5 5. O-O Nbd7 6. b3 Bd6 7. Bb2 Qc7 8. c4 e5 9. dxe5 Nxe5 10. Nxe5 Bxe5 11. Nc3 dxc4 12. Bxc4 Bg4 13. Nd5 Bxh2+ 14. Kh1 Bxd1 15. Nxc7+ Bxc7 16. Rfxd1 Rd8 17. Rxd8+ Kxd8 18. Bxf6+ gxf6 19. Bxf7 1/2-1/2

[Event "Bundesliga 0001"]
[Site "Germany"]
[Date "2001.04.29"]
[Round "15.2"]
[White "Jussupow, Artur"]
[Black "Kosten, Anthony C"]
[Result "1-0"]
[WhiteElo "2610"]
[BlackElo "2524"]
[PlyCount "77"]
[EventDate "2000.10.14"]
[Source "ChessBase"]
[SourceDate "2001.07.03"]

1. d4 Nf6 2. Nf3 e6 3. e3 b6 4. Bd3 Bb7 5. O-O d5 6. Ne5 Be7 7. Nd2 Nbd7 8. f4 c5 9. b3 O-O 10. Bb2 Ne4 11. Nxe4 dxe4 12. Bc4 Bd5 13. Bxd5 exd5 14. Nc6 Qe8 15. Nxe7+ Qxe7 16. dxc5 bxc5 17. Qxd5 Nb6 18. Qh5 Rfd8 19. Rad1 c4 20. Bd4 Rac8 21. c3 f6 22. b4 Na4 23. Rd2 a6 24. Rfd1 Qe6 25. Qa5 Qc6 26. Qf5 Qd5 27. Qg4 Qd7 28. Qh5 Qe6 29. Qa5 Qc6 30. Qf5 Qd5 31. Be5 Qa8 32. Rd7 Rxd7 33. Rxd7 Qc6 34. Qg4 g6 35. Qh3 h5 36. Rd6 Qe8 37. Bxf6 a5 38. f5 Rb8 39. Bd4 1-0

[Event "It (open)"]
[Site "?"]
[Date "2005.05.21"]
[Round "7"]
[White "Jussupow Artur"]
[Black "Zarnicki Pablo"]
[Result "1/2-1/2"]
[WhiteElo "2601"]
[BlackElo "2523"]
[PlyCount "45"]
[EventDate "2005.??.??"]
[Source "www.chesslib.no"]
[SourceDate "2004.05.04"]

1. d4 Nf6 2. Nf3 e6 3. e3 b6 4. Bd3 Bb7 5. O-O d5 6. Ne5 Be7 7. Nd2 O-O 8. f4 Ne4 9. c4 Nd7 10. cxd5 Nxd2 11. Bxd2 Nxe5 12. fxe5 Qxd5 13. Qg4 c5 14. Rf3 f5 15. exf6 Rxf6 16. Rg3 g6 17. Bc3 cxd4 18. Bxd4 e5 19. Qe2 Kg7 20. Bc4 Qe4 21. Bd3 Qd5 22. Bc4 Qe4 23. Bd3 1/2-1/2

[Event "Aeroflot Open"]
[Site "Moscow"]
[Date "2004.02.18"]
[Round "2"]
[White "Narciso Dublan, Marc"]
[Black "Berkes, Ferenc"]
[Result "1/2-1/2"]
[WhiteElo "2517"]
[BlackElo "2602"]
[PlyCount "89"]
[EventDate "2004.02.17"]
[Source "Roberto Alvarez"]
[SourceDate "2004.03.01"]

1. d4 Nf6 2. Nf3 e6 3. e3 b6 4. Bd3 Bb7 5. O-O d5 6. Ne5 Be7 7. Nd2 O-O 8. b3 Ne4 9. f3 Nxd2 10. Qxd2 f6 11. Ng4 c5 12. Bb2 Nc6 13. a3 Qd6 14. f4 a5 15. Rf3 Ba6 16. Bxa6 Rxa6 17. Rh3 Ra7 18. Rf1 cxd4 19. exd4 f5 20. Ne5 Nxe5 21. fxe5 Qd7 22. Qd1 g6 23. g4 fxg4 24. Rxf8+ Bxf8 25. Qxg4 Rc7 26. c3 Qe8 27. a4 Rf7 28. Bc1 b5 29. axb5 Qxb5 30. c4 Qb4 31. Qe2 dxc4 32. bxc4 Rc7 33. Ba3 Qxc4 34. Qxc4 Rxc4 35. Bxf8 Kxf8 36. d5 Rc1+ 37. Kf2 Rc2+ 38. Kf1 exd5 39. Rxh7 a4 40. Ra7 Rxh2 41. Rxa4 Rh5 42. Ra8+ Ke7 43. Ra7+ Ke8 44. e6 Re5 45. Rd7 1/2-1/2

[Event "Yongchuan zt 3.3"]
[Site "Yongchuan"]
[Date "2003.07.11"]
[Round "1"]
[White "Wu Wenjin"]
[Black "Bu Xiangzhi"]
[Result "0-1"]
[WhiteElo "2531"]
[BlackElo "2588"]
[PlyCount "94"]
[EventDate "2003.07.11"]
[Source "ChessBase"]
[SourceDate "2003.11.11"]

1. d4 Nf6 2. Nf3 d5 3. e3 e6 4. Bd3 c5 5. O-O Nbd7 6. b3 Be7 7. Nbd2 b6 8. Qe2 O-O 9. Bb2 Bb7 10. e4 dxe4 11. Nxe4 Nd5 12. Rfd1 Nf4 13. Qe3 Qc7 14. Bf1 Nf6 15. Nxf6+ Bxf6 16. Ne5 cxd4 17. Bxd4 Nd5 18. Qe2 Rfd8 19. Nc4 Nf4 20. Qe3 Rxd4 21. Rxd4 Bxd4 22. Qxd4 Bxg2 23. Nd6 Bxf1 24. Qxf4 Ba6 25. Rd1 Rf8 26. c4 Bb7 27. Kf1 Ba8 28. Qe5 Qc6 29. Rd3 Qh1+ 30. Ke2 Bg2 31. Kd2 Qf1 32. Qg3 Bc6 33. a4 Rd8 34. Kc2 Qa1 35. f3 Qa2+ 36. Kc1 Qa1+ 37. Kc2 h6 38. Qf4 Rd7 39. Rd1 Qa2+ 40. Kc3 Qe2 41. Rd3 Qe1+ 42. Kc2 e5 43. Qf5 g6 44. Qf6 e4 45. Rd1 Qe2+ 46. Rd2 Qxf3 47. Qe5 e3 0-1

[Event "Clarin GP-f"]
[Site "Villa Gesell"]
[Date "1997.03.13"]
[Round "10"]
[White "Rodriguez, Andres"]
[Black "Spangenberg, Hugo"]
[Result "1/2-1/2"]
[WhiteElo "2565"]
[BlackElo "2550"]
[PlyCount "39"]
[EventDate "1997.03.02"]
[Source "ChessBase"]

1. d4 d5 2. Nf3 Nf6 3. e3 e6 4. c4 Be7 5. Nc3 O-O 6. Qc2 b6 7. b3 Bb7 8. Bb2 Nbd7 9. Rd1 a6 10. Be2 c5 11. O-O cxd4 12. exd4 Rc8 13. Qb1 Qc7 14. Rfe1 Qb8 15. cxd5 Nxd5 16. Nxd5 Bxd5 17. Ne5 Nxe5 18. dxe5 Bb4 19. Rf1 Qa8 20. f3 1/2-1/2

[Event "IV Campionato UE"]
[Site "Liverpool ING"]
[Date "2008.09.17"]
[Round "9"]
[White "Hebden, M."]
[Black "Berg, E."]
[Result "0-1"]
[WhiteElo "2520"]
[BlackElo "2592"]
[PlyCount "102"]
[EventDate "2008.09.09"]
[Source "www.chesslib.no"]
[SourceDate "2004.05.04"]

1. d4 Nf6 2. Nf3 e6 3. e3 b6 4. Bd3 Bb7 5. O-O d5 6. b3 Bd6 7. Bb2 O-O 8. c4 c5 9. Ne5 Nc6 10. Nd2 cxd4 11. exd4 dxc4 12. Ndxc4 Be7 13. Re1 Nb4 14. Bb1 Nbd5 15. Qf3 b5 16. Ne3 Bb4 17. Rd1 Rc8 18. Bd3 Nxe3 19. Qxe3 Qd5 20. f3 Rc7 21. Rac1 Rfc8 22. Rxc7 Rxc7 23. Bb1 Bf8 24. Qd3 g6 25. Qd2 a6 26. Qa5 Rc8 27. Qd2 Qd8 28. Qf4 Rc7 29. d5 Nh5 30. Qd2 Bxd5 31. Ng4 Bc5+ 32. Kh1 Qh4 33. Be5 Rd7 34. Qc3 Bf8 35. Be4 Qd8 36. Bc2 f5 37. Ne3 Bb7 38. b4 Rxd1+ 39. Bxd1 Qh4 40. Bb3 Bxb4 41. Bxe6+ Kf8 42. Qa1 f4 43. Nf1 Ke7 44. Bg4 Qe1 45. Qxe1 Bxe1 46. Bxh5 gxh5 47. a3 Ke6 48. Bxf4 Bc3 49. Bc1 Kd5 50. Ne3+ Kd4 51. Kg1 Kd3 0-1